[Event "C.to Mondiale U18"]
[Site "Maribor SLO"]
[Date "2012.11.18"]
[Round "11"]
[White "Boscolo, Federico"]
[Black "Kadric, Denis"]
[WhiteElo "2311"]
[BlackElo "2459"]
[Result "0-1"]
[PlyCount "82"]
[EventDate "2012.11.08"]

1. e4 g6 2. d4 Bg7 3. Nf3 d6 4. Bc4 a6 5. O-O e6 6. Re1 Ne7 7. c3 O-O 8. Bf4 h6
9. e5 g5 10. Bxg5 hxg5 11. Nxg5 Bh6 12. Ne4 dxe5 13. Nf6+ Kg7 14. Nh5+ Kh8 15.
Qe2 Ng6 16. Nd2 Nd7 17. Nf3 Nf4 18. Nxf4 exf4 19. Bd3 Qf6 20. Kh1 b6 21. Qe4
Qg6 22. Qxa8 Qxd3 23. Rad1 Qg6 24. Qc6 Rg8 25. Rg1 Nf6 26. Ne5 Qh5 27. Qxc7 Bd7
28. Rd3 Ne4 29. Rf1 Qe2 30. Kg1 f3 31. g3 Ng5 32. Rxf3 Nxf3+ 33. Nxf3 Bb5 34.
c4 Qxc4 35. Qe5+ Rg7 36. Re1 Bc6 37. Qh5 Kh7 38. h4 Qd5 39. Qxd5 Bxd5 40. Ne5
f6 41. Nd3 Bxa2 0-1

[Event "C.to Mondiale U18"]
[Site "Maribor SLO"]
[Date "2012.11.18"]
[Round "11"]
[White "Bullen, Alex"]
[Black "Villa, Giorgio"]
[WhiteElo "1824"]
[BlackElo "1990"]
[Result "0-1"]
[PlyCount "46"]
[EventDate "2012.11.08"]

1. d4 d5 2. Nf3 Nf6 3. e3 c5 4. dxc5 e6 5. b4 a5 6. c3 axb4 7. cxb4 b6 8. Bb5+
Bd7 9. Bxd7+ Nbxd7 10. O-O bxc5 11. b5 Bd6 12. a4 O-O 13. Bd2 Ne4 14. Nc3 Nxd2
15. Qxd2 Ra5 16. Rfb1 Nb6 17. Qc2 Qc7 18. Nd2 Bxh2+ 19. Kf1 Be5 20. Rb3 Rfa8
21. Ndb1 d4 22. Ne4 c4 23. Rba3 d3 0-1